| 000 | 01585nam a2200469 i 4500 | ||
|---|---|---|---|
| 001 | 32858 | ||
| 003 | KOSZ 005 | ||
| 005 | 20220504095015.0 | ||
| 008 | 980713s1996 pl a |000 0 pol | ||
| 015 | _aUWD 1997/841 | ||
| 020 | _a838544145X | ||
| 035 | _a991004654949705066 | ||
| 035 | _a(PL-WaBN)b11228726-48omnis_nlop | ||
| 035 | _ab11228726 | ||
| 035 | _a(OCoLC)749517132 | ||
| 035 | _a(PL)b0000001122872 | ||
| 035 | _a(EXLNZ-48OMNIS_NETWORK)9910081056705606 | ||
| 040 |
_aWA N _cWA N |
||
| 046 | _k1996 | ||
| 080 | _a316.47 | ||
| 080 | _a316.77 | ||
| 080 | _a(07) | ||
| 100 | 1 |
_aNęcki, Zbigniew _d(1947- ) _eAutor |
|
| 245 | 1 | 0 |
_aKomunikacja międzyludzka / _cZbigniew Nęcki. |
| 260 |
_aKraków : _bWydawnictwo Profesjonalnej Szkoły Biznesu, _c1996. |
||
| 300 |
_a295 s. : _brys. ; _c21 cm. |
||
| 336 |
_aTekst _btxt _2rdacontent |
||
| 337 |
_aBez urządzenia pośredniczącego _bn _2rdamedia |
||
| 338 |
_aWolumin _bnc _2rdacarrier |
||
| 380 | _aKsiążki | ||
| 388 | _a1901-2000 | ||
| 388 | _a1989-2000 | ||
| 490 | 1 | _aSeria z Tęczą / Wydaw. Profesjonalnej Szkoły Biznesu | |
| 504 | _aBibliogr. s. 283-295. | ||
| 650 | 7 |
_aKomunikacja interpersonalna _2DBN |
|
| 658 | _aMedia i komunikacja społeczna | ||
| 710 | 2 |
_aWydawnictwo Profesjonalnej Szkoły Biznesu (Kraków) _4pbl |
|
| 830 | 0 | _aSeria z Tęczą - Wydawnictwo Profesjonalnej Szkoły Biznesu | |
| 856 |
_uhttp://koha.tu.koszalin.pl/cgi-bin/koha/opac-detail.pl?biblionumber=32858 _yKatalog online BPK |
||
| 942 |
_2UKD _cKS |
||
| 999 |
_c32858 _d32858 |
||